000 00315nam a2200121Ia 4500
008 190216s9999||||xx |||||||||||||| ||und||
100 _aSreevasthava R M
245 0 _aManagement Of Indian Financial Institutions
260 _bHimalaya Publishing House
_c1997
300 _a734
650 _aCommerce
942 _cBK
999 _c30341
_d30341